000 00446nam a2200157Ia 4500
008 220216s9999 xx 000 0 und d
100 _aClaramma N.M.
245 0 _aEffect of temperature on sulfur prevulcanization of natural rubber latex
260 _bJournal of Applied Polymer Science
_c1997
300 _a1913-1920
650 _aLatex
650 _aNatural rubber
650 _aPrevulcanized latex
700 _aMathew N.M.
942 _cBS
999 _c50941
_d50941